Η πολιτική οικολογία στην Ελλάδα
Αποθηκεύτηκε σε:
| Άλλοι συγγραφείς: | |
|---|---|
| Μορφή: | Βιβλίο |
| Γλώσσα: | Greek |
| Δημοσίευση: |
Αθήνα :
Ευώνυμος Οικολογική Βιβλιοθήκη,
2006.
|
| Θέματα: | |
| Ετικέτες: |
Προσθήκη ετικέτας
Δεν υπάρχουν, Καταχωρήστε ετικέτα πρώτοι!
|
MARC
| LEADER | 00000cam a2200000 i 4500 | ||
|---|---|---|---|
| 001 | 1/38120 | ||
| 008 | 061124s2006 gr | ||| |||| ||gre|| | ||
| 020 | |a 9608571197 | ||
| 035 | |l 10086270 | ||
| 040 | |a GR-MY-UA |b gre |e aacr | ||
| 041 | 0 | |a gre | |
| 082 | 0 | |a 304.2 |2 (22) | |
| 245 | 0 | 2 | |a Η πολιτική οικολογία στην Ελλάδα / |c Νίκος Καίσαρης ... [κ.ά.]; εκδοτική επιμέλεια Σάκης Κουρουζίδης. |
| 260 | |a Αθήνα : |b Ευώνυμος Οικολογική Βιβλιοθήκη, |c 2006. | ||
| 300 | |a 221 σ. ; |c 24 εκ. | ||
| 500 | |a Τα κείμενα που περιλαμβάνονται στο συλλογικό τόμο παρουσιάστηκαν στο πλαίσιο των σεμιναρίων του οικολογικού Εργαστηρίου της Ερμούπολης τον Ιούλιο του 2005, σε ένα διήμερο αφιερωμένο στη μνήμη του Νίκου Καίσαρη, με θέμα: "Η πολιτική οικολογία στην Ελλάδα". | ||
| 500 | |a Το σεμινάριο συνδιοργανώθηκε από τα οικολογικά περιοδικά: Οικοτοπία και Δαίμων της Οικολογίας. | ||
| 504 | |a Περιλαμβάνει βιβλιογραφία. | ||
| 650 | 0 | 0 | |a Human ecology |x Political aspects. |
| 650 | 0 | 0 | |a Environmental protection |x Citizen participation. |
| 650 | 0 | 0 | |a Environmental policy |z Greece. |
| 650 | 0 | 0 | |a Green movement. |
| 650 | 0 | 0 | |a Human ecology |z Greece. |
| 650 | 0 | 0 | |a Environmentalists. |
| 700 | 1 | |a Καίσαρης, Νίκος, |d 1946-2005. | |
| 852 | |a INST |b LESVOS |e 20061124 |h 304.2 ΠΟΛ |p 005100036673 |q 005100036673 |t BK |y 0 | ||
| 901 | |a BIBL1-2006-3 | ||
| 970 | |a ΒΑΡΚΑ |b ΕΛΕΥΘΕΡΙΑ |z 2006/11/24 | ||